| 000 | 00408 a2200157 4500 | ||
|---|---|---|---|
| 003 | Nust | ||
| 005 | 20170207165509.0 | ||
| 040 | _cNust | ||
| 082 | _a005.1 | ||
| 100 | _aAhmed, Jamal BESE-16 | ||
| 245 |
_aReal Time Survey Application (Hard / Soft-copy) _cJamal Ahmed, Sumeer Riaz, Muhammad Anas BESE-16 |
||
| 260 |
_aMCS _bRawalpindi _c2014 |
||
| 300 | _a96 p | ||
| 650 | _aUG Projects | ||
| 651 | _aUG CSE Project | ||
| 942 | _cPRG | ||
| 999 |
_c212190 _d212190 |
||